Famous People by Picture Clue #2 - Statistics

General Stats
  • This quiz has been taken 1,097 times
  • The average score is 10 of 15
Answer Stats
Picture Answer % Correct
Keith {Moon}
96%
Jack {Black}
95%
Jack {Lemmon}
94%
Neil {Armstrong}
92%
Nicholas {Cage}
91%
Justin {Timberlake}
75%
{Tiger} {Woods}
75%
Sandra {Bullock}
74%
Kate {Moss}
71%
Warren {Buffett}
54%
Russell {Brand}
53%
Bear {Grylls}
52%
{Sting}
52%
{Madonna}
34%
Lloyd {Cole}
32%
No matching quizzes found
Score Distribution
Percent of People with Each Score
Percentile by Number Answered
Your Score History
You have not taken this quiz